Southville International School and Colleges
Your cart is empty.
  • Cart
  • Lists
    Public lists Eva Luna New books Lux_list list_1
    Your lists Log in to create your own lists
  • Log in to your account
  • Your cookies
  • Search history
Southville International School and Colleges
  • Advanced search
  • Recent comments
  • Most popular
  • Libraries

Log in to your account

Log in with GOOGLE


If you do not have an external account, but do have a local account, you can still log in:

  1. Home
  2. MARC view: The Erap tragedy :
Normal view MARC view ISBD view

The Erap tragedy : (Record no. 294106)

[ view plain ]
MARC details
000 -LEADER
fixed length control field 00813nam a2200265Ia 4500
008 - FIXED-LENGTH DATA ELEMENTS--GENERAL INFORMATION
fixed length control field 160517s9999 xx 000 0 und d
020 ## - INTERNATIONAL STANDARD BOOK NUMBER
International Standard Book Number 971-27-1184-6
050 ## - LIBRARY OF CONGRESS CALL NUMBER
Classification number FIL DS 686.616
050 ## - LIBRARY OF CONGRESS CALL NUMBER
Item number .E73L37 2002
100 ## - MAIN ENTRY--PERSONAL NAME
Personal name Laquian, Aprodicio A.
245 #4 - TITLE STATEMENT
Title The Erap tragedy :
245 ## - TITLE STATEMENT
Remainder of title tales from the snake pit /
245 ## - TITLE STATEMENT
Statement of responsibility, etc Aprodicio A. Laquian, Eleanor R. Laquian.
260 ## - PUBLICATION, DISTRIBUTION, ETC. (IMPRINT)
Place of publication, distribution, etc Manila :
260 ## - PUBLICATION, DISTRIBUTION, ETC. (IMPRINT)
Name of publisher, distributor, etc Anvil Pub. Inc.,
260 ## - PUBLICATION, DISTRIBUTION, ETC. (IMPRINT)
Date of publication, distribution, etc 2002
300 ## - PHYSICAL DESCRIPTION
Extent 354 pages :
300 ## - PHYSICAL DESCRIPTION
Other physical details illustrations ;
300 ## - PHYSICAL DESCRIPTION
Dimensions 22 cm.
500 ## - GENERAL NOTE
General note Includes bibliographical references.
650 ## - SUBJECT ADDED ENTRY--TOPICAL TERM
Topical term or geographic name as entry element Estrada, Joseph E., 1937.
650 ## - SUBJECT ADDED ENTRY--TOPICAL TERM
Topical term or geographic name as entry element Presidents -- Philippines -- Biography.
650 ## - SUBJECT ADDED ENTRY--TOPICAL TERM
General subdivision Estrada, Joseph E. -- History and criticism.
650 ## - SUBJECT ADDED ENTRY--TOPICAL TERM
General subdivision Philippines, President (1998-2001 : Estrada).
Holdings
Withdrawn status Lost status Damaged status Home library Current library Shelving location Date acquired Total Checkouts Full call number Barcode Date last seen Price effective from Koha item type
      South Mansfield College South Mansfield College Filipiniana Section 03/07/2005   FIL DS 686.616 .E73L37 2002 SMC01785 05/17/2016 05/17/2016  

The Erap tragedy :

APA

Laquian A. A., .The Erap tragedy. Manila: .

Chicago

Laquian Aprodicio A, .The Erap tragedy. Manila: .

Harvard

Laquian A. A., .The Erap tragedy. Manila: .

MLA

Laquian Aprodicio A, .Manila: . .

  • Place hold
  • Print
  • Cite
  • Add to your cart (remove)
  • Save record
    BIBTEX Dublin Core MARCXML MARC (non-Unicode/MARC-8) MARC (Unicode/UTF-8) MARC (Unicode/UTF-8, Standard) MODS (XML) RIS
  • More searches
    Search for this title in:
    Other Libraries (WorldCat) Other Databases (Google Scholar) Online Stores (Bookfinder.com) Open Library (openlibrary.org)

Exporting to Dublin Core...

SOUTHVILLE LIBRARY

Southville International School and Colleges Library

1281 Tropical Ave. Cor. Luxembourg St., BF Homes International, Las Pinas City

Tel. No. 8256374 / 252358 Loc. 117/146

Powered by Koha